|
|
|
|
| LEADER |
02981nam a2200577 4500 |
| 001 |
ocn716174459 |
| 003 |
OCoLC |
| 005 |
20170124072328.2 |
| 006 |
m o d |
| 007 |
cr cn||||||||| |
| 008 |
110428s2011 enkab ob 001 0 eng d |
| 040 |
|
|
|a UIU
|b eng
|e pn
|c UIU
|d DG1
|d YDXCP
|d OCLCQ
|d E7B
|d CDX
|d OCLCQ
|d OCLCF
|d OCLCA
|d OCLCQ
|d OCLCO
|d Z5A
|d COO
|d OCLCO
|d OCLCQ
|d OCLCO
|d GrThAP
|
| 019 |
|
|
|a 711782106
|a 749918490
|
| 020 |
|
|
|a 9780470975084
|
| 020 |
|
|
|a 0470975083
|
| 020 |
|
|
|a 047074510X
|
| 020 |
|
|
|a 9780470745106
|
| 020 |
|
|
|a 9780470975077
|
| 020 |
|
|
|a 0470975075
|
| 029 |
1 |
|
|a AU@
|b 000047158580
|
| 029 |
1 |
|
|a NZ1
|b 14539110
|
| 029 |
1 |
|
|a NZ1
|b 15396006
|
| 029 |
1 |
|
|a NZ1
|b 16175174
|
| 035 |
|
|
|a (OCoLC)716174459
|z (OCoLC)711782106
|z (OCoLC)749918490
|
| 037 |
|
|
|a 10.1002/9780470975084
|b Wiley InterScience
|n http://www3.interscience.wiley.com
|
| 050 |
|
4 |
|a RC564
|b .S83155 2011
|
| 082 |
0 |
4 |
|a 616.86
|2 22
|
| 049 |
|
|
|a MAIN
|
| 245 |
0 |
0 |
|a Substance abuse disorders :
|b evidence and experience /
|c editors, Hamid Ghodse [and others].
|
| 264 |
|
1 |
|a Chichester, West Sussex, UK ;
|a Hoboken, NJ :
|b Wiley-Blackwell,
|c 2011.
|
| 300 |
|
|
|a 1 online resource (xv, 307 pages) :
|b illustrations, map.
|
| 336 |
|
|
|a text
|b txt
|2 rdacontent
|
| 337 |
|
|
|a computer
|b c
|2 rdamedia
|
| 338 |
|
|
|a online resource
|b cr
|2 rdacarrier
|
| 490 |
1 |
|
|a WPA series
|
| 504 |
|
|
|a Includes bibliographical references and index.
|
| 588 |
0 |
|
|a Print version record.
|
| 505 |
0 |
|
|a Epidemiology of drug abuse: a global overview / Maria-Elena Medina-Mora, Tania Real, and Rebeca Robles -- Drug abuse: prevention / Vladimir B. Poznyak, James White, and Nicolas Clark -- Drug abuse: treatment and management / Fabrizio Schifano -- Epidemiology of alcohol abuse: extent and nature of the problem / Jayadeep Patra, Andriy V. Samokhvalov, and Jürgen Rehm -- The prevention of alcohol problems / John B. Saunders and Noeline C. Latt -- Alcohol-use disorders -- treatment and management / Filippo Passetti and Colin Drummond -- Epidemiology of tobacco use / Ilana B. Crome and Marcus R. Munafò -- Tobacco use: prevention / Adriana Blanco, Vera da Costa e Silva, and Maristela Monteiro -- Tobacco abuse: treatment and management / Susanna Galea.
|
| 650 |
|
0 |
|a Substance abuse.
|
| 650 |
|
0 |
|a Substance abuse
|x Etiology.
|
| 650 |
|
0 |
|a Substance abuse
|x Treatment.
|
| 650 |
|
7 |
|a Substance abuse.
|2 fast
|0 (OCoLC)fst01136767
|
| 650 |
|
7 |
|a Substance abuse
|x Etiology.
|2 fast
|0 (OCoLC)fst01136777
|
| 650 |
|
7 |
|a Substance abuse
|x Treatment.
|2 fast
|0 (OCoLC)fst01136830
|
| 655 |
|
4 |
|a Electronic books.
|
| 700 |
1 |
|
|a Ghodse, Hamid.
|
| 710 |
2 |
|
|a Wiley InterScience (Online service)
|
| 776 |
0 |
8 |
|i Print version:
|t Substance abuse disorders.
|d Chichester, West Sussex, UK : Wiley-Blackwell, 2011
|z 9780470745106
|w (OCoLC)656770707
|
| 830 |
|
0 |
|a WPA series, evidence and experience in psychiatry (Unnumbered)
|
| 856 |
4 |
0 |
|u https://doi.org/10.1002/9780470975084
|z Full Text via HEAL-Link
|
| 994 |
|
|
|a 92
|b DG1
|